|
|
|
|
| LEADER |
01116nam a22002657a 4500 |
| 001 |
19141 |
| 003 |
BD-DhAAL |
| 005 |
20230711112833.0 |
| 008 |
230711t2008 ii ||||| |||| 00| 0 ben d |
| 020 |
|
|
|a 8187492198
|
| 040 |
|
|
|a BD-DhAAL
|d BD-DhAAL
|
| 041 |
|
|
|a ben
|
| 082 |
|
|
|2 23
|a 891.44
|
| 100 |
|
|
|a সেহানবীশ, চিন্মোহন
|9 55018
|
| 245 |
|
|
|a ৪৬ নং একটি সাংস্কৃতিক আন্দোলন প্রসঙ্গে /
|c চিন্মোহন সেহানবীশ
|
| 246 |
|
|
|a 46 Nong ekti Sanskritik Andolan prasange
|
| 260 |
|
|
|a কলকাতা :
|b সেরিবান (ভারত),
|c ২০০৮.
|
| 300 |
|
|
|a ১৮৯ পৃষ্ঠা ;
|c ২২ সে.মি
|
| 541 |
|
|
|e 19141
|
| 650 |
|
|
|a Bengali literature.
|
| 651 |
|
|
|a Bengal (India)
|x History.
|
| 852 |
|
|
|a Ayesha Abed Library
|c General Stacks
|
| 942 |
|
|
|2 ddc
|c BK
|
| 999 |
|
|
|c 45950
|d 45950
|
| 952 |
|
|
|0 0
|1 0
|2 ddc
|4 0
|6 891_440000000000000_SEH
|7 0
|9 73894
|a BIGD
|b BIGD
|c GEN
|d 2023-07-11
|g 150.00
|l 0
|o 891.44 SEH
|p 3050019141
|r 2023-07-11
|t 1
|w 2023-07-11
|y BK
|x Transferred from BDI to BIGD.
|